=LDR 00000nam 2200000 4500 =001 INLIS000000000032832 =005 20130612134824 =008 ***********************************ind** =035 ##$$0010-061300000032832 =041 ##$$a ind =082 ##$$a F Rom D =090 ##$$a F Rom D, Ker c =100 ##$$a PB.KERR =245 ##$$a Chiloren of The Lamp, The Akhenaten Adventure, PB.Kerr ; Penerjemah, Utti Setiawati =260 ##$$a 2008 $b (S.L) =300 ##$$a 416 hlm, 21 cm =650 ##$$a Fiksi Dewasa =700 ##$$a Setiawati, Utti =850 ##$$a NBPNMAT